Winter Olympics - Statistics

General Stats
  • This quiz has been taken 575 times
  • The average score is 10 of 15
Answer Stats
Hint Answer % Correct
4 Cross-Country Skiing
90%
6 Figure Skating
86%
8 Ice Hockey
86%
11 Short Track Speed Skating
83%
5 Curling
78%
14 Snowboarding
72%
9 Luge
69%
15 Speed Skating
69%
2 Biathlon
68%
12 Skeleton
67%
13 Ski Jumping
66%
1 Alpine Skiing
65%
3 Bobsleigh
57%
10 Nordic Combined
47%
7 Freestyle Skiing
40%
No matching quizzes found
Score Distribution
Percent of People with Each Score
Percentile by Number Answered
Your Score History
You have not taken this quiz